Consolidation of holdings; (Record no. 87109)
[ view plain ]
| 000 -LEADER | |
|---|---|
| fixed length control field | 00996nam a2200253 4500 |
| 001 - CONTROL NUMBER | |
| control field | sa 68016458 |
| 003 - CONTROL NUMBER IDENTIFIER | |
| control field | DLC |
| 005 - DATE AND TIME OF LATEST TRANSACTION | |
| control field | 20260227112654.0 |
| 008 - FIXED-LENGTH DATA ELEMENTS--GENERAL INFORMATION | |
| fixed length control field | 700629s1965 pk 00010 eng |
| 010 ## - LIBRARY OF CONGRESS CONTROL NUMBER | |
| LC control number | sa 68016458 |
| 025 ## - OVERSEAS ACQUISITION NUMBER | |
| Overseas acquisition number | PL480:P-E-1222 |
| 050 0# - LIBRARY OF CONGRESS CALL NUMBER | |
| Classification number | HD1481.P4 |
| Item number | R5 |
| 082 ## - DEWEY DECIMAL CLASSIFICATION NUMBER | |
| Classification number | 333.3/35 |
| 100 10 - MAIN ENTRY--PERSONAL NAME | |
| Personal name | Rizvi, S. M. Z. |
| 245 1# - TITLE STATEMENT | |
| Title | Consolidation of holdings; |
| Remainder of title | a study of the process of consolidation of agricultural holdings in selected villages in Peshawar District |
| Statement of responsibility, etc. | [by] S. M. Z. Rizvi, M. A. Sabzwari [and] C. M. Sharif. |
| 260 0# - PUBLICATION, DISTRIBUTION, ETC. | |
| Place of publication, distribution, etc. | Peshawar, |
| Name of publisher, distributor, etc. | Pakistan Academy for Rural Development |
| Date of publication, distribution, etc. | [1965] |
| 300 ## - PHYSICAL DESCRIPTION | |
| Extent | vi, 158 p. |
| Dimensions | 25 cm. |
| 350 ## - PRICE (NR) (BK AM CF MU VM SE) [OBSOLETE] | |
| Price | 5.00 |
| 490 1# - SERIES STATEMENT | |
| Series statement | Research publication series, report, no. 10 |
| 650 #0 - SUBJECT ADDED ENTRY--TOPICAL TERM | |
| Topical term or geographic name entry element | Consolidation of land holdings |
| Geographic subdivision | Peshawar (District) |
| 700 10 - ADDED ENTRY--PERSONAL NAME | |
| Personal name | Sabzwari, M. A., |
| Relator term | joint author. |
| 700 10 - ADDED ENTRY--PERSONAL NAME | |
| Personal name | Sharif, C. M., |
| Relator term | joint author. |
| 810 1# - SERIES ADDED ENTRY--CORPORATE NAME | |
| Corporate name or jurisdiction name as entry element | Peshawar (City). |
| Subordinate unit | Academy for Rural Development. |
| Title of a work | Research publications series, report |
| Volume/sequential designation | no. 10 |
No items available.